Statistics for UFC FLYWEIGHT CHAMPS QUIZ

Click here to take the quiz!

General Stats

  • This quiz has been taken 36 times
  • The average score is 4 of 5

Answer Stats

HintAnswer% Correct
2023Brandon Moreno
94%
2022Deiveson Figueiredo
91%
2023Alexandre Pantoja
88%
2012Demetrious Johnson
88%
2018Henry Cejudo
85%

Score Distribution

Percentile by Number Answered

Percent of People with Each Score

Your Score History

You have not taken this quiz